000 00613nam a2200229Ia 4500
003 OSt
005 20220924132019.0
006 a|||||r|||| 00| 0
007 ta
008 220923b |||||||| |||| 00| 0 san d
024 _a56011
037 _cTextual
040 _aARTS
_cARTS
_bsan
041 _2san
_asan
082 _aP151, 15F7.1
100 _aMarkendeya
_9203542
245 0 _aPatrita sarvasva ed by S O V Bhattanantha Swami
260 _aVizagapatam
_bArsha Co.
_c1927
650 _aLINGUISTICS
942 _hP151, 15F7.1
_cTEXL
_2CC
999 _c429001
_d429001